000 00374nam a2200157Ia 4500
008 221030s9999 xx 000 0 und d
041 _aEnglish
082 _a105.23
_bBha
100 _aN. D. Bhatt
245 0 _aElementary Engineering Drawing
260 _bRupalle Pub.
_aGujarat
_c1996
300 _a635
650 _aMechanical
700 _aV. M. Panchall
942 _cBK
999 _c1192
_d1192